[Event "Issy les Moulineaux tt"]
[Site "Issy les Moulineaux"]
[Date "2008.10.19"]
[Round "1.7"]
[White "Spirta, Boris"]
[Black "Mollion, Jean Luc"]
[Result "0-1"]
[WhiteElo "1824"]
[BlackElo "1880"]
[PlyCount "62"]
[EventDate "2008.10.19"]
[EventType "team-tourn"]
[EventRounds "7"]
[EventCountry "FRA"]
[SourceTitle "EXT 2010"]
[Source "ChessBase"]
[SourceDate "2010.11.25"]
[SourceVersion "1"]
[SourceVersionDate "2010.11.25"]
[SourceQuality "1"]
[WhiteTeam "Tours de Haute Picardie  II"]
[BlackTeam "Saint Georges"]
[WhiteTeamCountry "FRA"]
[BlackTeamCountry "FRA"]

1. e4 e5 2. Nf3 d6 3. d4 exd4 4. Nxd4 Nf6 5. Nc3 c6 6. Be2 Be7 7. 0-0 0-0 8. Kh1 Be6 9. f4 d5 10. f5 Bc8 11. e5 Ne4 12. Nxe4 dxe4 13. Be3 Qd5 14. f6 Bc5 15. fxg7 Rd8 16. Nf5 Bxf5 17. Bxc5 Bg6 18. Be7 Re8 19. Bf6 Nd7 20. Qxd5 cxd5 21. Rad1 Nxf6 22. exf6 Rad8 23. Rd4 Rd6 24. c4 Red8 25. c5 Rc6 26. b4 b6 27. Bb5 bxc5 28. Rxd5 Rxd5 29. Bxc6 Rd6 30. b5 e3 31. Re1 Rxf6 0-1